El CAFTA continúa su marcha
Sábháilte in:
| Formáid: | Téacs |
|---|---|
| Clibeanna: |
Cuir clib leis
Níl clibeanna ann, Bí ar an gcéad duine le clib a chur leis an taifead seo!
|
MARC
| LEADER | 00000 a a2200000 04500 | ||
|---|---|---|---|
| 001 | 42535 | ||
| 003 | |||
| 040 | |||
| 245 | |a El CAFTA continúa su marcha | ||
| 773 | |g volumen24, número1082 ( , 2004), páginas 13-14 | ||
| 999 | |c 37470 |d 37470 | ||
